People Pictured with Queen Elizabeth II - Statistics

General Stats
  • This quiz has been taken 298 times
  • The average score is 16 of 24
Answer Stats
Picture Answer % Correct
Barack Obama
98%
King Charles III
93%
John F. Kennedy
88%
Prince Philip
88%
Nelson Mandela
87%
Ronald Reagan
85%
Prince William
83%
Kate Middleton
78%
Rowan Atkinson
75%
King George VI
74%
Paul McCartney
74%
Daniel Craig
73%
Justin Trudeau
68%
Pope John Paul II
67%
Princess Margaret
63%
Judi Dench
62%
Meryl Streep / Dustin Hoffman
61%
Angelina Jolie
54%
Indira Gandhi
53%
Pierce Brosnan
53%
Frank Sinatra
43%
Mo Farah
38%
Barbra Streisand
37%
Bobby Moore
35%
No matching quizzes found
Score Distribution
Percent of People with Each Score
Percentile by Number Answered
Your Score History
You have not taken this quiz